Dosłowne tłumaczenia polskich miast i wsi - Statystyki

Ogólne statystyki
  • Ten quiz został rozwiązany 56 razy
    47 od ostatniego zresetowania
  • Średni wynik to 14 z 26
Statystyki odpowiedzi
EN PL % Poprawnych
Green Mountain Zielona Góra
94%
Boat Łódź
89%
Good City Dobre Miasto
86%
Peter Tribunal Piotrków Trybunalski
83%
Between Health Międzyzdroje
80%
Silesia Wendesday Środa Śląska
77%
Bad Meat Złe Mięso
77%
Helium Hel
74%
Wheel Koło
74%
A man from Turkey Turek
74%
Oh, field Opole
71%
Steel Mountain Stalowa Góra
54%
Oakwood of Miners Dąbrowa Górnicza
51%
New Market Nowy Targ
49%
White Slope Białystok
46%
Anger Gniew
43%
Brand names Marki
43%
She slept Spała
40%
Gold snout Złotoryja
37%
Vent of Pigs Świnoujście
34%
Johns Janki
29%
Pig Wieprz
29%
Big Poland Cross Krzyż Wielkopolski
26%
Silesia City of Small Teeth Ząbkowice Śląskie
26%
Traffic Jam Zator
14%
Trashes from Forest Leśne Odpadki
6%
Nie znaleziono quizów pasujących do podanych kryteriów
Rozkład punktacji
Procent ludzi z każdym wynikiem
Percentyl według liczby udzielonych odpowiedzi
Twoja historia wyników
Nie rozwiązałeś tego quizu od ostatniego zresetowania